Chess: don't get captured #2 - Sudden Death - Statistics

General Stats
  • This quiz has been taken 858 times
  • The average score is 14 of 26
Answers on the Grid
Answers color-coded by a green-red scale on the quiz's grid according to % correct below.
 
Answer Stats
Answer % Correct
60%
60%
58%
58%
57%
57%
57%
57%
56%
56%
55%
54%
54%
54%
53%
52%
51%
51%
50%
50%
50%
50%
49%
47%
47%
46%
No matching quizzes found
Score Distribution
Percent of People with Each Score
Percentile by Number Answered
Your Score History
You have not taken this quiz